000 00654nam a2200217 a 4500
005 20140310183525.0
008 110616s19uu xx 00 eng d
020 _a9789812725028
050 _aTX 911.3
_b.L477 2009
100 _aRoss, Darren Lee
245 _aEntrepreneurship and small business management in the hospitality industry /
_cDarren Lee-Ross.
260 _aAmsterdam :
_bElsevier,
_c2009.
300 _a294 p. :
_bill. ;
_c26 cm.
521 _aTOU
650 _aManagement-Business-Small.
650 _aManagement-Hospitality-Industry.
700 _aConrad Lashley
942 _cBK
_2lcc
_kFOR
999 _c24497
_d24497